[Event "Quebec-ch qual. 2"]
[Site "Montreal CAN"]
[Date "2001.05.25"]
[Round "1"]
[White "Lebuis, Rene"]
[Black "Bannon, Eric"]
[Result "0-1"]
[WhiteElo "1581"]
[BlackElo "2042"]
[PlyCount "96"]
[GameId "2160767911564597"]
[EventDate "2001.05.25"]
[EventType "swiss"]
[EventRounds "5"]
[EventCountry "CAN"]
[SourceTitle "EXT 2022"]
[Source "ChessBase"]
[SourceDate "2021.10.06"]
[SourceVersion "1"]
[SourceVersionDate "2021.10.06"]
[SourceQuality "1"]

1. e4 c5 2. d4 cxd4 3. c3 dxc3 4. Nxc3 Nc6 5. Nf3 e6 6. Bc4 Qc7 7. Qe2 d6 8. O-O Nf6 9. Bf4 a6 10. Rfd1 Be7 11. Rac1 O-O 12. e5 dxe5 13. Nxe5 Bd6 14. Rxd6 Qxd6 15. Ng6 e5 16. Rd1 Qc5 17. Be3 Nd4 18. Bxd4 exd4 19. Nxf8 Bg4 20. Ne6 Bxe2 21. Nxc5 Bxd1 22. Nxd1 Rc8 23. b4 b6 24. Bxa6 Ra8 25. Bb7 Ra7 26. Bf3 bxc5 27. bxc5 Rxa2 28. c6 Ne8 29. Kf1 Nc7 30. Be4 Kf8 31. f4 g6 32. Nf2 Ke7 33. g3 Kd6 34. Kg2 Nd5 35. Kf3 Kxc6 36. h4 f5 37. Bd3 Nb4 38. Bc4 Ra3+ 39. Kg2 Nd5 40. Be2 Ne3+ 41. Kf3 Nd1+ 42. Kg2 Nxf2 43. Kxf2 Kd5 44. h5 Ke4 45. hxg6 hxg6 46. Bd1 Ra2+ 47. Kf1 Ra1 48. Ke1 Ke3 0-1

[Event "Quebec-ch qual. 2"]
[Site "Montreal CAN"]
[Date "2001.05.25"]
[Round "1"]
[White "Libersan, Thierry"]
[Black "Nunez, Omar"]
[Result "0-1"]
[WhiteElo "1604"]
[BlackElo "2049"]
[PlyCount "32"]
[GameId "2160767911564598"]
[EventDate "2001.05.25"]
[EventType "swiss"]
[EventRounds "5"]
[EventCountry "CAN"]
[SourceTitle "EXT 2022"]
[Source "ChessBase"]
[SourceDate "2021.10.06"]
[SourceVersion "1"]
[SourceVersionDate "2021.10.06"]
[SourceQuality "1"]

1. e4 d5 2. exd5 Qxd5 3. d4 Nc6 4. Be3 Bf5 5. Nd2 Nxd4 6. Bxd4 Qxd4 7. Qf3 Qe5+ 8. Ne2 O-O-O 9. O-O-O Nf6 10. Qa3 Kb8 11. f3 e6 12. Qb3 Bc5 13. Nc3 Rxd2 14. Rxd2 Be3 15. Ba6 Bxd2+ 16. Kxd2 Qd6+ 0-1

[Event "Quebec-ch qual. 2"]
[Site "Montreal CAN"]
[Date "2001.05.25"]
[Round "1"]
[White "Miron, Francois"]
[Black "Rivest, Jean-Michel"]
[Result "1/2-1/2"]
[WhiteElo "1915"]
[BlackElo "1519"]
[PlyCount "70"]
[GameId "2160767911564599"]
[EventDate "2001.05.25"]
[EventType "swiss"]
[EventRounds "5"]
[EventCountry "CAN"]
[SourceTitle "EXT 2022"]
[Source "ChessBase"]
[SourceDate "2021.10.06"]
[SourceVersion "1"]
[SourceVersionDate "2021.10.06"]
[SourceQuality "1"]

1. e4 c5 2. Nf3 Nc6 3. d4 cxd4 4. Nxd4 Nf6 5. Nc3 e5 6. Ndb5 d6 7. Bg5 a6 8. Na3 b5 9. Nd5 Be7 10. Bxf6 Bxf6 11. c3 O-O 12. Nc2 Bg5 13. Nce3 Ne7 14. Bd3 Bb7 15. Bc2 Rc8 16. Nxe7+ Qxe7 17. Nd5 Qd8 18. O-O Rc5 19. Bb3 Kh8 20. Qd3 g6 21. a4 f5 22. axb5 fxe4 23. Qxe4 Rxb5 24. Bc4 Rxb2 25. Bxa6 Bxd5 26. Qxd5 Qb6 27. Ra2 Rfxf2 28. Rxb2 Rxb2+ 29. Kh1 Qxa6 30. Rf8+ Kg7 31. Rf7+ Kh6 32. Rxh7+ Kxh7 33. Qf7+ Kh6 34. Qf8+ Kh5 35. Qf3+ Kh6 1/2-1/2

[Event "Quebec-ch qual. 2"]
[Site "Montreal CAN"]
[Date "2001.05.25"]
[Round "1"]
[White "Ouellet-Leveille, Clement"]
[Black "Fecteau, Denis"]
[Result "1-0"]
[WhiteElo "1904"]
[BlackElo "1504"]
[PlyCount "87"]
[GameId "2160767911564600"]
[EventDate "2001.05.25"]
[EventType "swiss"]
[EventRounds "5"]
[EventCountry "CAN"]
[SourceTitle "EXT 2022"]
[Source "ChessBase"]
[SourceDate "2021.10.06"]
[SourceVersion "1"]
[SourceVersionDate "2021.10.06"]
[SourceQuality "1"]

1. e4 d6 2. d4 Nf6 3. Nc3 g6 4. Nf3 Bg7 5. Bf4 c6 6. Qd2 O-O 7. O-O-O b5 8. e5 b4 9. exf6 bxc3 10. Qxc3 Bxf6 11. Bc4 Qb6 12. Bg5 Nd7 13. Rhe1 e6 14. Bxf6 Nxf6 15. Ng5 d5 16. Qf3 Kg7 17. Bf1 Rb8 18. Qa3 Qb4 19. Qxb4 Rxb4 20. f3 Ra4 21. a3 Ba6 22. Bxa6 Rxa6 23. Rd3 Rb8 24. Nh3 Rab6 25. b3 a5 26. Nf2 h5 27. Nd1 Nd7 28. Nc3 Rc8 29. Na4 Rb5 30. Rc3 c5 31. dxc5 Nxc5 32. b4 axb4 33. axb4 Nxa4 34. Rxc8 Rxb4 35. Re3 Rb7 36. Rb3 Rd7 37. Rb4 Ra7 38. Kd2 e5 39. c3 Kf6 40. Rb5 d4 41. cxd4 exd4 42. Rc6+ Ke7 43. Rb4 Kd7 44. Rcc4 1-0

[Event "Quebec-ch qual. 2"]
[Site "Montreal CAN"]
[Date "2001.05.26"]
[Round "2"]
[White "Bannon, Eric"]
[Black "Delisle, Louis-Martin"]
[Result "1-0"]
[WhiteElo "2042"]
[BlackElo "1617"]
[PlyCount "55"]
[GameId "2160767911564601"]
[EventDate "2001.05.25"]
[EventType "swiss"]
[EventRounds "5"]
[EventCountry "CAN"]
[SourceTitle "EXT 2022"]
[Source "ChessBase"]
[SourceDate "2021.10.06"]
[SourceVersion "1"]
[SourceVersionDate "2021.10.06"]
[SourceQuality "1"]

1. d4 f5 2. e4 fxe4 3. Nc3 Nf6 4. Bg5 d5 5. Bxf6 exf6 6. Qh5+ g6 7. Qxd5 Nc6 8. Qxe4+ Be7 9. d5 Nb4 10. Bb5+ Kf8 11. O-O-O Bf5 12. Qh4 Kg7 13. Nf3 Bd6 14. Nd4 Qc8 15. f3 g5 16. Qf2 c5 17. Nxf5+ Qxf5 18. a3 Na6 19. Ne4 Be5 20. Bxa6 bxa6 21. Nxc5 Rab8 22. Nd3 Bd6 23. Qd4 Rhc8 24. Rhe1 Rb5 25. Re6 Be5 26. Qxa7+ Kh6 27. Rxe5 fxe5 28. Qxa6+ 1-0

[Event "Quebec-ch qual. 2"]
[Site "Montreal CAN"]
[Date "2001.05.26"]
[Round "2"]
[White "Baribeault, David"]
[Black "Mercier, Jean-Guy"]
[Result "1-0"]
[WhiteElo "1440"]
[BlackElo "1728"]
[PlyCount "63"]
[GameId "2160767911564602"]
[EventDate "2001.05.25"]
[EventType "swiss"]
[EventRounds "5"]
[EventCountry "CAN"]
[SourceTitle "EXT 2022"]
[Source "ChessBase"]
[SourceDate "2021.10.06"]
[SourceVersion "1"]
[SourceVersionDate "2021.10.06"]
[SourceQuality "1"]

1. c4 e6 2. d4 d5 3. Nc3 Nf6 4. e3 Nbd7 5. Nf3 c6 6. Bd3 Be7 7. O-O O-O 8. Re1 a6 9. e4 dxe4 10. Nxe4 Nxe4 11. Bxe4 Nf6 12. Bd3 Qc7 13. Qc2 Rd8 14. Bg5 h6 15. Bh4 Ng4 16. Bxe7 Qxe7 17. Rad1 b6 18. d5 c5 19. dxe6 Bxe6 20. Bf5 Rxd1 21. Qxd1 Rd8 22. Qe2 Qd7 23. Bxe6 fxe6 24. h3 Nf6 25. Qxe6+ Qxe6 26. Rxe6 Rd1+ 27. Kh2 Nd7 28. Kg3 Kf7 29. Re2 Rd6 30. Rd2 Rg6+ 31. Kh2 Ke6 32. Rxd7 1-0

[Event "Quebec-ch qual. 2"]
[Site "Montreal CAN"]
[Date "2001.05.26"]
[Round "2"]
[White "Belanger, Mario"]
[Black "Gilbert, Erick"]
[Result "0-1"]
[WhiteElo "1533"]
[BlackElo "1805"]
[PlyCount "76"]
[GameId "2160767911564603"]
[EventDate "2001.05.25"]
[EventType "swiss"]
[EventRounds "5"]
[EventCountry "CAN"]
[SourceTitle "EXT 2022"]
[Source "ChessBase"]
[SourceDate "2021.10.06"]
[SourceVersion "1"]
[SourceVersionDate "2021.10.06"]
[SourceQuality "1"]

1. e4 d6 2. d4 Nf6 3. Nc3 g6 4. Bg5 Bg7 5. Be2 O-O 6. Qd2 Nc6 7. O-O-O e5 8. dxe5 dxe5 9. Qxd8 Nxd8 10. Bxf6 Bxf6 11. Nd5 Bg5+ 12. Kb1 c6 13. Nb4 Be7 14. Nd3 f6 15. Nf3 Be6 16. b3 b5 17. Nb2 Nb7 18. Ne1 Nc5 19. f3 a5 20. Ned3 Nb7 21. f4 a4 22. Rdf1 axb3 23. axb3 exf4 24. Nxf4 Bf7 25. Nfd3 Bd6 26. Bf3 Na5 27. Re1 Rac8 28. g3 Rfe8 29. Rhf1 Kg7 30. Re2 c5 31. Nc1 c4 32. Rd1 Be5 33. b4 Nc6 34. Na2 Nd4 35. Rxd4 Bxd4 36. c3 Be5 37. Nd1 Red8 38. Ne3 Rd3 0-1

[Event "Quebec-ch qual. 2"]
[Site "Montreal CAN"]
[Date "2001.05.26"]
[Round "2"]
[White "Nunez, Omar"]
[Black "Nuschke, Alex"]
[Result "1-0"]
[WhiteElo "2049"]
[BlackElo "1676"]
[PlyCount "56"]
[GameId "2160767911564606"]
[EventDate "2001.05.25"]
[EventType "swiss"]
[EventRounds "5"]
[EventCountry "CAN"]
[SourceTitle "EXT 2022"]
[Source "ChessBase"]
[SourceDate "2021.10.06"]
[SourceVersion "1"]
[SourceVersionDate "2021.10.06"]
[SourceQuality "1"]

1. f4 d5 2. Nf3 Nf6 3. d4 Bf5 4. e3 Nbd7 5. Be2 h6 6. O-O Ne4 7. Ne5 Nxe5 8. fxe5 e6 9. c4 Qg5 10. Nc3 Nxc3 11. bxc3 Be4 12. Bf3 Qg6 13. Bxe4 Qxe4 14. Rf4 Qg6 15. Qb3 Be7 16. Qb5+ c6 17. Qxb7 O-O 18. Qxe7 Rab8 19. Qh4 Qd3 20. Qe1 Rb7 21. Ba3 Rfb8 22. Rd1 Qxc4 23. Bd6 Rd8 24. Rf2 Rbd7 25. Qd2 a5 26. Rdf1 Qa6 27. Qe2 Qa8 28. e4 a4 1-0

[Event "Quebec-ch qual. 2"]
[Site "Montreal CAN"]
[Date "2001.05.26"]
[Round "3"]
[White "Fernandez, Lautaro"]
[Black "Corriveau, Philippe"]
[Result "1-0"]
[WhiteElo "2035"]
[BlackElo "1846"]
[PlyCount "99"]
[GameId "2160767911564608"]
[EventDate "2001.05.25"]
[EventType "swiss"]
[EventRounds "5"]
[EventCountry "CAN"]
[SourceTitle "EXT 2022"]
[Source "ChessBase"]
[SourceDate "2021.10.06"]
[SourceVersion "1"]
[SourceVersionDate "2021.10.06"]
[SourceQuality "1"]

1. e4 e5 2. Nc3 Nc6 3. f4 Bc5 4. Nf3 d6 5. Na4 Bb6 6. Nxb6 axb6 7. Bb5 Ra5 8. a4 Bd7 9. d3 Nge7 10. Bd2 Ra8 11. Bc3 f6 12. fxe5 dxe5 13. Bc4 Qc8 14. d4 exd4 15. Nxd4 Nxd4 16. Qxd4 Be6 17. e5 f5 18. O-O Nc6 19. Qh4 O-O 20. Bd3 Qd8 21. Qh5 g6 22. Qh6 Qe7 23. Kh1 Nb4 24. Bxb4 Qxb4 25. b3 Rad8 26. Rad1 Qe7 27. Qf4 Rd7 28. Bc4 Qf7 29. Bxe6 Qxe6 30. Rxd7 Qxd7 31. Qc4+ Kg7 32. e6 Qe7 33. Qd4+ Kg8 34. Qe5 Re8 35. Re1 h6 36. h3 Rd8 37. c3 Re8 38. b4 Kh7 39. a5 bxa5 40. bxa5 Qd6 41. Qf6 Qe7 42. Qd4 Qd6 43. Rb1 Qxe6 44. Rxb7 Qc6 45. Rb2 Re4 46. Qd3 Qc5 47. Rb1 h5 48. a6 c6 49. Qd7+ Re7 50. Qxe7+ 1-0

[Event "Quebec-ch qual. 2"]
[Site "Montreal CAN"]
[Date "2001.05.26"]
[Round "3"]
[White "Gilbert, Erick"]
[Black "Nunez, Omar"]
[Result "1/2-1/2"]
[WhiteElo "1805"]
[BlackElo "2049"]
[PlyCount "56"]
[GameId "2160767911564609"]
[EventDate "2001.05.25"]
[EventType "swiss"]
[EventRounds "5"]
[EventCountry "CAN"]
[SourceTitle "EXT 2022"]
[Source "ChessBase"]
[SourceDate "2021.10.06"]
[SourceVersion "1"]
[SourceVersionDate "2021.10.06"]
[SourceQuality "1"]

1. Nf3 f5 2. g3 Nf6 3. Bg2 d6 4. d4 c6 5. c3 Qc7 6. O-O e5 7. dxe5 dxe5 8. Qb3 Qe7 9. Be3 Be6 10. Qc2 Nbd7 11. b4 g6 12. Nbd2 f4 13. gxf4 Ng4 14. fxe5 Nxe3 15. fxe3 Bg7 16. Rad1 O-O 17. a3 Nxe5 18. Nxe5 Bxe5 19. Rxf8+ Rxf8 20. Nf3 Bb8 21. Qe4 Re8 22. Nd4 Qd6 23. Qf4 Qd7 24. Qh6 Bc4 25. Rf1 Qe7 26. Rf3 Be5 27. Rh3 Bf6 28. Qf4 Bg5 1/2-1/2

[Event "Quebec-ch qual. 2"]
[Site "Montreal CAN"]
[Date "2001.05.26"]
[Round "3"]
[White "Ramaswamy, Kiran"]
[Black "Ouellet-Leveille, Clement"]
[Result "1/2-1/2"]
[WhiteElo "1840"]
[BlackElo "1904"]
[PlyCount "105"]
[GameId "2160767911564610"]
[EventDate "2001.05.25"]
[EventType "swiss"]
[EventRounds "5"]
[EventCountry "CAN"]
[SourceTitle "EXT 2022"]
[Source "ChessBase"]
[SourceDate "2021.10.06"]
[SourceVersion "1"]
[SourceVersionDate "2021.10.06"]
[SourceQuality "1"]

1. c4 Nf6 2. g3 e6 3. Nf3 b6 4. Bg2 Bb7 5. O-O c5 6. d4 cxd4 7. Nxd4 Bxg2 8. Kxg2 Bc5 9. Nc3 O-O 10. Bg5 h6 11. Bxf6 Qxf6 12. e3 Bxd4 13. Qxd4 Qxd4 14. exd4 Na6 15. Rac1 Rfd8 16. Rfe1 Nb4 17. Re3 d6 18. a3 Na6 19. Nb5 Rd7 20. Rec3 Nc7 21. Nxc7 Rxc7 22. f4 Kf8 23. Kf3 Rac8 24. Ke4 Ke7 25. g4 Rf8 26. f5 Kd7 27. c5 d5+ 28. Ke5 Re8 29. fxe6+ fxe6 30. c6+ Ke7 31. b4 h5 32. Rf3 hxg4 33. Rf4 Rh8 34. Rxg4 Rh5+ 35. Kf4 Kf6 36. h4 a6 37. a4 e5+ 38. dxe5+ Rxe5 39. Rg6+ Kxg6 40. Kxe5 Kf7 41. Kxd5 Ke7 42. Re1+ Kd8 43. Kd6 Rf7 44. c7+ Rxc7 45. Re8+ Kxe8 46. Kxc7 b5 47. a5 g6 48. Kd6 Kf7 49. Ke5 Ke7 50. Kf4 Kf6 51. Kg4 Ke6 52. Kg5 Kf7 53. Kf4 1/2-1/2

[Event "Quebec-ch qual. 2"]
[Site "Montreal CAN"]
[Date "2001.05.26"]
[Round "3"]
[White "Thibault, Mario"]
[Black "Bannon, Eric"]
[Result "0-1"]
[WhiteElo "1713"]
[BlackElo "2042"]
[PlyCount "60"]
[GameId "2160767911564611"]
[EventDate "2001.05.25"]
[EventType "swiss"]
[EventRounds "5"]
[EventCountry "CAN"]
[SourceTitle "EXT 2022"]
[Source "ChessBase"]
[SourceDate "2021.10.06"]
[SourceVersion "1"]
[SourceVersionDate "2021.10.06"]
[SourceQuality "1"]

1. f4 d5 2. b3 Nf6 3. e3 Bf5 4. Bb2 e6 5. Nf3 Be7 6. Be2 O-O 7. O-O c5 8. Ne5 d4 9. Bf3 Qc7 10. exd4 cxd4 11. d3 Rd8 12. Nd2 Na6 13. Ne4 Bxe4 14. dxe4 Nb4 15. Rf2 Bc5 16. Nd3 Nxd3 17. cxd3 Qxf4 18. Bc1 Qe5 19. g3 Bb4 20. Bf4 Qb5 21. Bg2 Rac8 22. Rc1 Rc3 23. Rxc3 dxc3 24. Bf1 Bc5 25. d4 Qb4 26. Be3 Bxd4 27. Bxd4 Qxd4 28. Qxd4 Rxd4 29. e5 Nd5 30. Bc4 Rd2 0-1

[Event "Quebec-ch qual. 2"]
[Site "Montreal CAN"]
[Date "2001.05.27"]
[Round "4"]
[White "Bannon, Eric"]
[Black "Paz, Roman"]
[Result "1-0"]
[WhiteElo "2042"]
[BlackElo "2046"]
[PlyCount "43"]
[GameId "2160767911564612"]
[EventDate "2001.05.25"]
[EventType "swiss"]
[EventRounds "5"]
[EventCountry "CAN"]
[SourceTitle "EXT 2022"]
[Source "ChessBase"]
[SourceDate "2021.10.06"]
[SourceVersion "1"]
[SourceVersionDate "2021.10.06"]
[SourceQuality "1"]

1. e4 d6 2. d4 g6 3. Nc3 Bg7 4. Be3 Nf6 5. f3 O-O 6. Qd2 c6 7. Bc4 b5 8. Bb3 Bb7 9. h4 h5 10. Nge2 Nbd7 11. Nf4 Kh7 12. O-O-O a5 13. a4 b4 14. Nce2 Qc7 15. g4 c5 16. gxh5 gxh5 17. Bd5 Rac8 18. Rhg1 cxd4 19. Nxd4 Nc5 20. Nf5 Nxd5 21. Rxg7+ Kh8 22. Bxc5 1-0

[Event "Quebec-ch qual. 2"]
[Site "Montreal CAN"]
[Date "2001.05.27"]
[Round "4"]
[White "Gilbert, Erick"]
[Black "Fernandez, Lautaro"]
[Result "1-0"]
[WhiteElo "1805"]
[BlackElo "2035"]
[PlyCount "27"]
[GameId "2160767911564613"]
[EventDate "2001.05.25"]
[EventType "swiss"]
[EventRounds "5"]
[EventCountry "CAN"]
[SourceTitle "EXT 2022"]
[Source "ChessBase"]
[SourceDate "2021.10.06"]
[SourceVersion "1"]
[SourceVersionDate "2021.10.06"]
[SourceQuality "1"]

1. Nf3 b5 2. e4 a6 3. d4 Bb7 4. Bd3 e6 5. O-O Nf6 6. Qe2 c5 7. c3 d5 8. e5 Nfd7 9. Ng5 g6 10. Qg4 h5 11. Qg3 h4 12. Qg4 Qe7 13. Nxf7 Rg8 14. Nd6+ 1-0

[Event "Quebec-ch qual. 2"]
[Site "Montreal CAN"]
[Date "2001.05.27"]
[Round "4"]
[White "Ouellet-Leveille, Clement"]
[Black "Baribeault, David"]
[Result "1/2-1/2"]
[WhiteElo "1904"]
[BlackElo "1440"]
[PlyCount "90"]
[GameId "2160767911564615"]
[EventDate "2001.05.25"]
[EventType "swiss"]
[EventRounds "5"]
[EventCountry "CAN"]
[SourceTitle "EXT 2022"]
[Source "ChessBase"]
[SourceDate "2021.10.06"]
[SourceVersion "1"]
[SourceVersionDate "2021.10.06"]
[SourceQuality "1"]

1. e4 c5 2. Nf3 Nc6 3. d4 cxd4 4. Nxd4 Nf6 5. Nc3 d6 6. Be2 a6 7. O-O g6 8. Bf3 Ne5 9. Bf4 Nxf3+ 10. Nxf3 Bg7 11. Qd2 O-O 12. h3 b5 13. e5 dxe5 14. Qxd8 Rxd8 15. Bxe5 Bb7 16. Rad1 Bxf3 17. gxf3 e6 18. a3 Ne8 19. Bxg7 Kxg7 20. Ne4 Rac8 21. c3 h6 22. Rfe1 f5 23. Rxd8 Rxd8 24. Nc5 Nc7 25. Nxe6+ Nxe6 26. Rxe6 Rd2 27. a4 Rxb2 28. Rxa6 bxa4 29. Rxa4 Rc2 30. Rc4 Kf6 31. f4 Ke6 32. Kg2 Kd5 33. Rd4+ Ke6 34. Rc4 Kd5 35. Rd4+ Ke6 36. Rd3 Ke7 37. Kg3 Ke6 38. h4 h5 39. Kg2 Ke7 40. Re3+ Kf7 41. Kf3 Kf6 42. Kg2 Rc1 43. Rd3 Ke7 44. Kf3 Rc2 45. Ke3 Ke6 1/2-1/2

[Event "Quebec-ch qual. 2"]
[Site "Montreal CAN"]
[Date "2001.05.27"]
[Round "4"]
[White "Ramaswamy, Kiran"]
[Black "Delisle, Louis-Martin"]
[Result "1/2-1/2"]
[WhiteElo "1840"]
[BlackElo "1617"]
[PlyCount "84"]
[GameId "2160767911564616"]
[EventDate "2001.05.25"]
[EventType "swiss"]
[EventRounds "5"]
[EventCountry "CAN"]
[SourceTitle "EXT 2022"]
[Source "ChessBase"]
[SourceDate "2021.10.06"]
[SourceVersion "1"]
[SourceVersionDate "2021.10.06"]
[SourceQuality "1"]

1. d4 f5 2. Nc3 d5 3. Bf4 c6 4. e3 Nf6 5. Nf3 Ne4 6. Ne5 g6 7. h4 Rg8 8. Bd3 Qa5 9. Bxe4 fxe4 10. f3 Nd7 11. fxe4 dxe4 12. Qd2 Nxe5 13. Bxe5 Bf5 14. O-O-O O-O-O 15. Kb1 b6 16. h5 e6 17. hxg6 Bxg6 18. Ne2 Qxd2 19. Rxd2 Be7 20. Nf4 Bf5 21. c3 Bg5 22. g3 Be7 23. Rg1 Rg4 24. Rdg2 Rdg8 25. Nh3 R4g6 26. Nf2 h5 27. Kc1 Bg5 28. Kd2 Be7 29. Rh2 h4 30. g4 Bxg4 31. Nxe4 Bf5 32. Rxg6 Rxg6 33. Nd6+ Bxd6 34. Bxd6 h3 35. Ke2 Rg2+ 36. Rxg2 hxg2 37. Bh2 b5 38. b3 Kd7 39. Kd2 Be4 40. Ke2 a5 41. Kf2 Bd5 42. b4 a4 1/2-1/2

[Event "Quebec-ch qual. 2"]
[Site "Montreal CAN"]
[Date "2001.05.27"]
[Round "5"]
[White "Colucci, John"]
[Black "Fecteau, Denis"]
[Result "1-0"]
[WhiteElo "1618"]
[BlackElo "1504"]
[PlyCount "91"]
[GameId "2160767911564618"]
[EventDate "2001.05.25"]
[EventType "swiss"]
[EventRounds "5"]
[EventCountry "CAN"]
[SourceTitle "EXT 2022"]
[Source "ChessBase"]
[SourceDate "2021.10.06"]
[SourceVersion "1"]
[SourceVersionDate "2021.10.06"]
[SourceQuality "1"]

1. d4 d6 2. c4 Nf6 3. Nc3 g6 4. e4 Bg7 5. Be2 O-O 6. Bg5 Nbd7 7. Nf3 c5 8. d5 h6 9. Be3 Ng4 10. Bd2 Kh7 11. h3 Nge5 12. Nxe5 dxe5 13. Qc2 Nf6 14. O-O-O Qc7 15. g4 Ne8 16. Rdg1 a6 17. Qd1 Rh8 18. h4 Kg8 19. g5 h5 20. Rf1 Bd7 21. Qb3 Nd6 22. f4 Rb8 23. Qc2 Qc8 24. Nd1 b5 25. Bc3 Bg4 26. fxe5 Bxe2 27. Qxe2 Nxc4 28. Qf2 Qe8 29. e6 fxe6 30. Bxg7 Kxg7 31. Qxc5 exd5 32. Qd4+ Kh7 33. Qxd5 Rf8 34. b3 Nd6 35. Ne3 Rc8+ 36. Kb1 Qc6 37. Qxc6 Rxf1+ 38. Rxf1 Rxc6 39. e5 Ne4 40. Rf7+ Kg8 41. Rxe7 Nd2+ 42. Kb2 Nf3 43. Nd5 Nxh4 44. e6 Kf8 45. Rf7+ Ke8 46. Nf6+ 1-0

[Event "Quebec-ch qual. 2"]
[Site "Montreal CAN"]
[Date "2001.05.27"]
[Round "5"]
[White "Corriveau, Philippe"]
[Black "Ramaswamy, Kishor"]
[Result "1/2-1/2"]
[WhiteElo "1846"]
[BlackElo "1866"]
[PlyCount "119"]
[GameId "2160767911564619"]
[EventDate "2001.05.25"]
[EventType "swiss"]
[EventRounds "5"]
[EventCountry "CAN"]
[SourceTitle "EXT 2022"]
[Source "ChessBase"]
[SourceDate "2021.10.06"]
[SourceVersion "1"]
[SourceVersionDate "2021.10.06"]
[SourceQuality "1"]

1. e4 c6 2. d4 d5 3. exd5 cxd5 4. Bd3 Qc7 5. Ne2 Bg4 6. f3 Bh5 7. Nbc3 e6 8. Bf4 Qd7 9. Bxb8 a6 10. Bg3 Nf6 11. O-O Be7 12. Nf4 Bg6 13. Nce2 Bxd3 14. Nxd3 g5 15. Ne5 Qb5 16. b3 h5 17. c4 Qb6 18. Nc3 Bb4 19. Na4 Qa5 20. Nd3 Be7 21. Be5 Rg8 22. Qe1 Qd8 23. Rc1 g4 24. f4 Ne4 25. cxd5 exd5 26. Bc7 Qd7 27. Nb6 Qb5 28. Nc5 Nxc5 29. dxc5 Kf8 30. Nxa8 Bxc5+ 31. Rxc5 Qxc5+ 32. Qf2 d4 33. Rd1 g3 34. Qxd4 gxh2+ 35. Kh1 Qc2 36. Qd8+ Kg7 37. Qg5+ Kh7 38. Qxh5+ Kg7 39. Be5+ Kf8 40. Rd8+ Ke7 41. Rxg8 Qd1+ 42. Kxh2 Qxh5+ 43. Kg3 Qe2 44. Nc7 Qxa2 45. b4 Qb3+ 46. Kh4 Qd3 47. Rg7 b6 48. g4 a5 49. bxa5 bxa5 50. Kg5 Qb3 51. Rh7 a4 52. Rh6 a3 53. Ra6 a2 54. Kh4 Kd7 55. g5 Qc2 56. Kg4 Qg2+ 57. Kf5 Qc2+ 58. Kg4 Qg2+ 59. Kf5 Qc2+ 60. Kg4 1/2-1/2

[Event "Quebec-ch qual. 2"]
[Site "Montreal CAN"]
[Date "2001.05.27"]
[Round "5"]
[White "Ramaswamy, Kiran"]
[Black "Neacsu, Catalin"]
[Result "1-0"]
[WhiteElo "1840"]
[BlackElo "1950"]
[PlyCount "103"]
[GameId "2160767911564621"]
[EventDate "2001.05.25"]
[EventType "swiss"]
[EventRounds "5"]
[EventCountry "CAN"]

1. c4 c6 2. Nf3 d5 3. b3 d4 4. d3 g6 5. g3 Bg7 6. Bg2 Bg4 7. O-O Qd7 8. Bb2 e5 9. Re1 Ne7 10. Nbd2 O-O 11. b4 Na6 12. Qb3 Rac8 13. a4 Nc7 14. b5 c5 15. b6 axb6 16. Qxb6 Na6 17. Ba3 Rc7 18. Ne4 Rc6 19. Qb5 Qc7 20. Reb1 Bc8 21. Nfd2 h6 22. Nxc5 Rxc5 23. Bxc5 Nxc5 24. Nb3 Nxb3 25. Rxb3 Nc6 26. a5 Nd8 27. Qb6 Qe7 28. Qa7 Re8 29. c5 Bf8 30. c6 Nxc6 31. Bxc6 bxc6 32. Qxe7 Bxe7 33. a6 Be6 34. Rb7 Bc5 35. a7 Bxa7 36. Raxa7 Bd5 37. f3 Kf8 38. Kf2 Kg8 39. g4 Kf8 40. h4 Kg8 41. g5 h5 42. Re7 Kf8 43. Reb7 Kg8 44. Ke1 Kf8 45. Kd2 Rc8 46. Kc1 Be6 47. Rc7 Rxc7 48. Rxc7 Bd5 49. Kb2 Ke8 50. Ka3 Kd8 51. Ra7 Be6 52. Kb4 1-0

[Event "RA Active ch"]
[Site "Ottawa CAN"]
[Date "2001.12.06"]
[Round "1"]
[White "Pacey, Kevin"]
[Black "Eberle, Mark"]
[Result "1-0"]
[WhiteElo "2249"]
[BlackElo "1717"]
[PlyCount "91"]
[GameId "2160767911484816"]
[EventDate "2001.12.06"]
[EventType "swiss"]
[EventRounds "6"]
[EventCountry "CAN"]

1. e4 e6 2. d4 d5 3. e5 c5 4. c3 Nc6 5. Nf3 Bd7 6. Be2 Rc8 7. O-O Nh6 8. dxc5 Bxc5 9. Bxh6 gxh6 10. Qd2 Bf8 11. Na3 Na5 12. Nb5 Bxb5 13. Bxb5+ Nc6 14. Nd4 Bg7 15. Rae1 O-O 16. Nxc6 bxc6 17. Bd3 f5 18. exf6 Qxf6 19. Qc2 e5 20. Bxh7+ Kh8 21. Bd3 Qh4 22. Bf5 Rc7 23. g3 Qg5 24. Bh3 e4 25. Bg2 Be5 26. f4 exf3 27. Rxf3 Rxf3 28. Bxf3 Re7 29. Qf2 Rf7 30. Qg2 d4 31. Bxc6 dxc3 32. bxc3 Bxc3 33. Rd1 Qf6 34. Bd5 Re7 35. Bb3 Bd4+ 36. Kh1 Qf2 37. Qa8+ Kg7 38. Qg8+ Kf6 39. Qf8+ Kg6 40. Qg8+ Kh5 41. Qd5+ Be5 42. Bc4 Qf6 43. Rf1 Qd6 44. Qf3+ Kg6 45. Bd3+ Kg7 46. Qf8# 1-0

[Event "RA Active ch"]
[Site "Ottawa CAN"]
[Date "2001.12.06"]
[Round "1"]
[White "Veltmann, Alfred"]
[Black "Zare, Mehrdad"]
[Result "1-0"]
[WhiteElo "1738"]
[BlackElo "1595"]
[PlyCount "35"]
[GameId "2160767911484817"]
[EventDate "2001.12.06"]
[EventType "swiss"]
[EventRounds "6"]
[EventCountry "CAN"]

1. e4 c5 2. Nf3 Nc6 3. d4 cxd4 4. Nxd4 d6 5. Bc4 Nf6 6. Nc3 g6 7. Bb3 Bd7 8. Be3 Bg7 9. f3 a6 10. Qd2 O-O 11. Nxc6 bxc6 12. g4 c5 13. h4 Rb8 14. h5 a5 15. hxg6 hxg6 16. Bh6 Ne8 17. Bxg7 Nxg7 18. Qh6 1-0

[Event "RA Active ch"]
[Site "Ottawa CAN"]
[Date "2001.12.06"]
[Round "2"]
[White "Kuryliw, Ray"]
[Black "Pacey, Kevin"]
[Result "0-1"]
[WhiteElo "1950"]
[BlackElo "2249"]
[PlyCount "55"]
[GameId "2160767911484818"]
[EventDate "2001.12.06"]
[EventType "swiss"]
[EventRounds "6"]
[EventCountry "CAN"]

1. e4 e5 2. f4 exf4 3. Nf3 g5 4. Bc4 Bg7 5. d4 d6 6. O-O h6 7. c3 Ne7 8. b4 O-O 9. Nbd2 Nd7 10. Bb2 d5 11. exd5 Nf5 12. Re1 g4 13. Ne5 Ne3 14. Rxe3 fxe3 15. Nf1 Nxe5 16. dxe5 Bxe5 17. Nxe3 Qg5 18. Nf1 Bf5 19. Bc1 Qg6 20. Qd2 Rfe8 21. a4 Rad8 22. Ra2 c6 23. Ng3 Bb1 24. Ra1 cxd5 25. Bb5 Re6 26. Bb2 h5 27. c4 Bxb2 28. Qxb2 0-1